• 首页
  • 本馆介绍
  • 公告通知
  • 最新文献
  • 馆藏检索
  • 电子资源
  • 读者导购
  • 参考咨询
  • 我的图书馆
  • 登录
  • 详细信息显示
  • 放入我的书架
  • 预约/预借图书
  • 作者相关作品
  • 分类相关作品
  • 丛书相关作品
  • 出版社相关作品

书目信息

  • 表格格式
  • 工作单格式
  • 卡片格式
题名:
历史灾害数据挖掘与建模
    
 
作者: 胡明生 著
分册:  
出版信息: 北京   中国水利水电出版社  2013
页数: 157
开本: 24cm
丛书名:
单 册:
中图分类: X43
科图分类:
主题词:
电子资源:
ISBN: 978-7-5170-1321-1
000 00607nam0 2200205 450
001 3351
005 20160926093256.51
010    @a978-7-5170-1321-1@b平装@dCNY36
100    @a20150112d2013 em y0chiy0110 ea
101 0  @achi
102    @aCN@b110000
105    @ay z 000yy
200 1  @a历史灾害数据挖掘与建模@f胡明生著@Ali shi zai hai shu ju wa jue yu jian mo
210    @a北京@c中国水利水电出版社@d2013
215    @a157@d24cm
330    @a自然灾害·历史·数据·采掘·研究
690    @aX43@v4
701    @a胡明生@4著@Ahu ming sheng
801  0 @aCN@b唐山师范学院图书馆@c20151001
905    @aZUCC@dX43@e147
    
    历史灾害数据挖掘与建模/胡明生著.-北京:中国水利水电出版社,2013
    157;24cm
    
    
    ISBN 978-7-5170-1321-1(平装):CNY36
    自然灾害·历史·数据·采掘·研究
●
相关链接 在E读中查询图书 在五车中查询图书 在当当中查询图书 在豆瓣中查询图书


正题名:历史灾害数据挖掘与建模     索取号:X43/147         预约/预借

序号 登录号 条形码 馆藏地/架位号 状态 备注
1 904402   209044023   第二样本阅览室/ [索取号:X43/147] 在馆    
2 904403   209044032   第三借阅区/ [索取号:X43/147] 在馆    
3 904404   209044041   第三借阅区/ [索取号:X43/147] 在馆    
4 904405   209044050   第三借阅区/ [索取号:X43/147] 在馆    
唐山师范学院图书馆 欢迎您!
大连网信软件有限公司© 版权所有